Statistiques concernant Perpignan - Culture générale

Cliquez ici pour prendre le quiz!

Statistiques générales

  • Ce quiz a été pris 341 fois
    (74 depuis la dernière actualisation)
  • Le résultat moyen est 12 sur 22

Statistiques - réponses

InformationRéponse% Correct
Région administrative dans laquelle se situe PerpignanOccitanie
95%
Mer située à seulement 13 km de PerpignanMer Méditerranée
91%
Langue qui serait parlée par environ un quart des Perpignanais mais qui ne représenterait pas plus de 1% de leurs échanges courantsCatalan
84%
Traité de 1659 par lequel la ville, et une partie importante du département, sont annexés à la FranceTraité des {Pyrénées}
84%
Département dont Perpignan est la préfecturePyrénées-Orientales
82%
A ce jour, Perpignan est la plus grande ville avec un maire de ce parti politiqueRassemblement National
81%
Vent des terres emblématique de la région qui soufflerait par rafales un jour sur quatre à PerpignanTramontane
68%
Peintre surréaliste catalan qui qualifia la gare de Perpignan de "centre cosmique du monde"Salvador Dalí
65%
Capitale européenne la plus proche de PerpignanAndorre-la-Vieille
63%
Leur arrivée déclencha en 1962 un fort essor démographique et entraîna la création du quartier du Moulin-à-VentPieds-Noirs
61%
Club de rugby à XV de la ville, septuple champion de FranceUSAP
61%
Plaine et province historique où se situe PerpignanPlaine du {Roussillon}
51%
Porte fortifiée de la ville puis prison qui est aujourd'hui l'un des monuments perpignanais les plus célèbresCastillet
46%
Architecte militaire qui remit la porte-prison en état et fortifia de nombreuses villes et places fortes du département, au XVIIème siècleVauban
44%
Royaume dont Perpignan fut la capitale continentale et dont le palais peut encore être visité aujourd'huiRoyaume de {Majorque}
37%
Fleuve traversant la ville, prenant sa source au coeur des PyrénéesTêt
37%
Chanteur français associant la masculinité à Perpignan et dont le succès La Mer fut inspiré par un trajet Montpellier-PerpignanCharles Trenet
33%
Festival international de photojournalisme se déroulant chaque année à Perpignan depuis 1989Visa pour l'image
33%
Youtubeur célèbre pour ses tests de mauvais jeux vidéo qui naquit à Perpignan et étudia au lycée Notre-Dame de Bon SecoursFrédéric Molas
"Joueur du Grenier"
28%
Portraitiste royal célèbre pour son portrait de Louis XIV, né à Perpignan et donnant son nom au musée d'art de la villeHyacinthe Rigaud
23%
Evènement religieux se déroulant tous les vendredis saints, accueillant un défilé de fidèles vêtus de caparutxes et portant des misteris (mystères)Procession de la {Sanch}
23%
Scientifique devenu homme d'état (ministre notamment) après la Révolution de 1848, qui vécut et étudia à PerpignanFrançois Arago
18%

Distribution des résultats

Percentile par nombre de réponses

% des personnes avec chaque résultat

Votre développement - résultats

Vous n’avez pas pris ce quiz depuis la dernière actualisation